[Event "Aragon-chT Honor GrB"]
[Site "Aragon"]
[Date "2015.02.07"]
[Round "3.21"]
[White "Del Rey, Diego"]
[Black "Donoso Sanchez, Alejandro"]
[Result "1-0"]
[WhiteElo "2390"]
[BlackElo "2218"]
[PlyCount "69"]
[EventDate "2015.01.24"]
[EventType "team-tourn"]
[EventRounds "7"]
[EventCountry "ESP"]
[SourceTitle "EXT 2017"]
[Source "ChessBase"]
[SourceDate "2016.10.25"]
[SourceVersion "1"]
[SourceVersionDate "2016.10.25"]
[SourceQuality "1"]
[WhiteTeam "El Olivar"]
[BlackTeam "Cerbuna CMU"]
[WhiteTeamCountry "ESP"]
[BlackTeamCountry "ESP"]

1. e4 c5 2. Nf3 e6 3. d3 Nc6 4. g3 g6 5. Bg5 Be7 6. h4 h6 7. Bxe7 Qxe7 8. Bg2 Nf6 9. 0-0 0-0 10. Qd2 Kg7 11. Nc3 d6 12. Nh2 Nd4 13. Rae1 Bd7 14. f4 e5 15. f5 gxf5 16. Rf2 Kh7 17. exf5 Rg8 18. Nf1 Ng4 19. Nd5 Qd8 20. c3 Nxf2 21. Qxf2 Nc6 22. f6 Be6 23. Be4+ Kh8 24. Nfe3 Qd7 25. Kh2 Bxd5 26. Nxd5 Rg6 27. Bf5 Qd8 28. Bxg6 fxg6 29. Rf1 Qd7 30. f7 Rf8 31. Qf6+ Kh7 32. h5 Qg4 33. Qxd6 Qxh5+ 34. Kg1 Qg5 35. Nf6+ 1-0

[Event "Aragon-chT Preferente A"]
[Site "Aragon"]
[Date "2014.03.01"]
[Round "6.37"]
[White "Faro Perella, Alberto"]
[Black "Donoso Sanchez, Alejandro"]
[Result "0-1"]
[WhiteElo "1938"]
[BlackElo "2212"]
[PlyCount "38"]
[EventDate "2014.01.25"]
[EventType "team-tourn"]
[EventRounds "9"]
[EventCountry "ESP"]
[SourceTitle "EXT 2015"]
[Source "ChessBase"]
[SourceDate "2014.11.20"]
[SourceVersion "1"]
[SourceVersionDate "2014.11.20"]
[SourceQuality "1"]
[WhiteTeam "Binefar"]
[BlackTeam "Pedro Cerbuna"]
[WhiteTeamCountry "ESP"]
[BlackTeamCountry "ESP"]

1. d4 Nf6 2. c4 c5 3. d5 g6 4. Nc3 Bg7 5. e4 d6 6. h3 0-0 7. Be3 e6 8. Nf3 exd5 9. exd5 Na6 10. Bd3 Nb4 11. Bb1 b5 12. Nxb5 Nfxd5 13. Be4 Nxe3 14. fxe3 d5 15. Bxd5 Nxd5 16. Qxd5 Qe7 17. Qxa8 Qxe3+ 18. Kf1 Bf5 19. Rd1 Bd3+ 0-1

[Event "Aragon-chT Preferente A"]
[Site "Aragon"]
[Date "2014.02.15"]
[Round "4.33"]
[White "Gracia Suarez, Jesus"]
[Black "Donoso Sanchez, Alejandro"]
[Result "1-0"]
[WhiteElo "2115"]
[BlackElo "2212"]
[PlyCount "57"]
[EventDate "2014.01.25"]
[EventType "team-tourn"]
[EventRounds "9"]
[EventCountry "ESP"]
[SourceTitle "EXT 2015"]
[Source "ChessBase"]
[SourceDate "2014.11.20"]
[SourceVersion "1"]
[SourceVersionDate "2014.11.20"]
[SourceQuality "1"]
[WhiteTeam "Santa Isabel"]
[BlackTeam "Pedro Cerbuna"]
[WhiteTeamCountry "ESP"]
[BlackTeamCountry "ESP"]

1. e4 c5 2. Nf3 e6 3. d4 cxd4 4. Nxd4 a6 5. Nc3 Qc7 6. g3 Nf6 7. Bg2 Nc6 8. 0-0 h5 9. Bf4 e5 10. Nd5 Nxd5 11. exd5 Ne7 12. Nb5 axb5 13. d6 Qc5 14. Be3 Qb4 15. dxe7 Bxe7 16. Bd5 d6 17. Qf3 Bf6 18. Bc6+ Ke7 19. Bxb7 Bg4 20. Qc6 Bd7 21. Qb6 Rab8 22. Rfd1 Rxb7 23. Qxb7 Rc8 24. a4 Rxc2 25. axb5 Qxb5 26. Ra7 Rxb2 27. Qc7 Rb1 28. Qxd6+ Ke8 29. Qxd7+ 1-0

[Event "Aragon-chT Preferente A"]
[Site "Aragon"]
[Date "2014.02.01"]
[Round "2.37"]
[White "Donoso Sanchez, Alejandro"]
[Black "Mimbela Lopez, Luis"]
[Result "1/2-1/2"]
[WhiteElo "2212"]
[BlackElo "2084"]
[PlyCount "54"]
[EventDate "2014.01.25"]
[EventType "team-tourn"]
[EventRounds "9"]
[EventCountry "ESP"]
[SourceTitle "EXT 2015"]
[Source "ChessBase"]
[SourceDate "2014.11.20"]
[SourceVersion "1"]
[SourceVersionDate "2014.11.20"]
[SourceQuality "1"]
[WhiteTeam "Pedro Cerbuna"]
[BlackTeam "Agrupacion II"]
[WhiteTeamCountry "ESP"]
[BlackTeamCountry "ESP"]

1. e4 c6 2. c4 d5 3. cxd5 cxd5 4. exd5 Nf6 5. Nc3 Nxd5 6. Qb3 Nb6 7. Nf3 Nc6 8. d4 e6 9. Be3 Bd6 10. Bd3 Bd7 11. 0-0 Nb4 12. Nb5 Bc6 13. Nxd6+ Qxd6 14. Ne5 Nxd3 15. Nxd3 0-0 16. Rfc1 Rfc8 17. Nc5 Qd5 18. Qxd5 Nxd5 19. Nd3 b6 20. a4 Bb7 21. a5 Rxc1+ 22. Rxc1 Rc8 23. Rxc8+ Bxc8 24. Bd2 f6 25. f3 Ba6 26. Nb4 Nxb4 27. Bxb4 bxa5 1/2-1/2

[Event "Aragon-chT Preferente-A"]
[Site "Spain"]
[Date "2011.02.19"]
[Round "3.1"]
[White "Dominguez Bujeda, Jesus"]
[Black "Donoso Sanchez, Alejandro"]
[Result "1-0"]
[WhiteElo "2138"]
[BlackElo "2187"]
[PlyCount "93"]
[EventDate "2011.02.05"]
[EventType "team-tourn"]
[EventRounds "9"]
[EventCountry "ESP"]
[SourceTitle "EXT 2013"]
[Source "ChessBase"]
[SourceDate "2012.11.22"]
[SourceVersion "1"]
[SourceVersionDate "2012.11.22"]
[SourceQuality "1"]
[WhiteTeam "Teruel"]
[BlackTeam "Calatayud"]
[WhiteTeamCountry "ESP"]
[BlackTeamCountry "ESP"]

1. d4 Nf6 2. c4 c5 3. d5 e6 4. Nc3 exd5 5. cxd5 d6 6. e4 g6 7. f4 Bg7 8. Bb5+ Nfd7 9. Be2 0-0 10. Nf3 Re8 11. 0-0 Nf6 12. e5 dxe5 13. fxe5 Ng4 14. Bg5 f6 15. exf6 Bxf6 16. Qd2 Bf5 17. Bb5 Nd7 18. Bxf6 Qxf6 19. h3 Nge5 20. g4 a6 21. Be2 Nxf3+ 22. Rxf3 Qd4+ 23. Qxd4 cxd4 24. gxf5 dxc3 25. Kf2 cxb2 26. Rb1 Nc5 27. Rxb2 gxf5 28. Rxf5 Rf8 29. Rxf8+ Kxf8 30. Ke3 b5 31. Kd4 Nd7 32. Bg4 Rd8 33. Rf2+ Kg7 34. Be6 Nf8 35. Bg4 Nd7 36. Bxd7 Rxd7 37. Kc5 Rc7+ 38. Kb6 Rc1 39. d6 Rd1 40. Kc7 b4 41. d7 Rc1+ 42. Kd8 Kg6 43. Rf4 a5 44. Ke7 Re1+ 45. Kd6 Rd1+ 46. Kc6 a4 47. Rf8 1-0

[Event "ESP-ch U18"]
[Site "Linares"]
[Date "2010.07.27"]
[Round "3"]
[White "Chueca Forcen, Alberto"]
[Black "Donoso Sanchez, Alejandro"]
[Result "1-0"]
[WhiteElo "2280"]
[BlackElo "2159"]
[PlyCount "95"]
[EventDate "2010.07.26"]
[EventType "swiss"]
[EventRounds "9"]
[EventCountry "ESP"]
[SourceTitle "CBM 137 Extra"]
[Source "ChessBase"]
[SourceDate "2010.09.01"]
[SourceVersion "1"]
[SourceVersionDate "2010.09.01"]
[SourceQuality "1"]

1. d4 Nf6 2. c4 c5 3. d5 e6 4. Nc3 exd5 5. cxd5 d6 6. e4 g6 7. f4 Bg7 8. Bb5+ Nfd7 9. Nf3 a6 10. Bd3 b5 11. 0-0 0-0 12. Kh1 Re8 13. Qe1 c4 14. Bc2 Nc5 15. Be3 b4 16. Bxc5 bxc3 17. Bd4 Bxd4 18. Nxd4 cxb2 19. Rb1 Nd7 20. Rxb2 Nf6 21. Qb1 Ng4 22. h3 Qh4 23. Qe1 Qxe1 24. Rxe1 Nf6 25. Rbb1 Bd7 26. Rb6 Bf5 27. Nxf5 gxf5 28. Rxd6 Nxe4 29. Bxe4 Rxe4 30. Rxe4 fxe4 31. Rc6 e3 32. Rxc4 Re8 33. Rc1 Kf8 34. Re1 Re4 35. g3 Rd4 36. Rxe3 Rxd5 37. Ra3 a5 38. Kg2 f5 39. g4 Kg7 40. Kf3 Kg6 41. Rb3 Rc5 42. Ke3 Rd5 43. Rb6+ Kf7 44. Ra6 Rc5 45. g5 Rd5 46. h4 Rc5 47. h5 Kg8 48. a4 1-0

[Event "Aragon-chT Preferente"]
[Site "Spain"]
[Date "2010.02.20"]
[Round "5.53"]
[White "Horton, Justin"]
[Black "Donoso Sanchez, Alejandro"]
[Result "0-1"]
[WhiteElo "2106"]
[BlackElo "2111"]
[PlyCount "78"]
[EventDate "2010.01.23"]
[EventType "team-swiss"]
[EventRounds "12"]
[EventCountry "ESP"]
[SourceTitle "EXT 2013"]
[Source "ChessBase"]
[SourceDate "2012.11.22"]
[SourceVersion "1"]
[SourceVersionDate "2012.11.22"]
[SourceQuality "1"]
[WhiteTeam "Casino Jaque"]
[BlackTeam "Calatayud"]
[WhiteTeamCountry "ESP"]
[BlackTeamCountry "ESP"]

1. Nf3 c5 2. c4 g6 3. d4 Bg7 4. d5 e6 5. Nc3 exd5 6. cxd5 d6 7. e4 Nf6 8. Be2 0-0 9. Nd2 Nbd7 10. 0-0 Re8 11. a4 Ne5 12. Qc2 Bg4 13. Bxg4 Nfxg4 14. h3 Nf6 15. f4 Ned7 16. Nf3 a6 17. Bd2 c4 18. Rae1 Nc5 19. e5 dxe5 20. fxe5 Nxd5 21. Bg5 Nb4 22. Qf2 Qc7 23. Qh4 Ncd3 24. Re4 Rac8 25. Bf6 Bxf6 26. exf6 Rxe4 27. Nxe4 Qf4 28. Qxf4 Nxf4 29. Nfg5 Ne2+ 30. Kf2 Re8 31. Kxe2 h6 32. Nxf7 Kxf7 33. Kf3 Re6 34. Ke3 Nc2+ 35. Kf3 Nd4+ 36. Ke3 Nf5+ 37. Kf3 Rxe4 38. g4 Nd6 39. Rd1 Re6 0-1

[Event "Aragon-chT Preferente"]
[Site "Spain"]
[Date "2010.02.13"]
[Round "4.49"]
[White "Gil Capape, Marco Antonio"]
[Black "Donoso Sanchez, Alejandro"]
[Result "0-1"]
[WhiteElo "2155"]
[BlackElo "2111"]
[PlyCount "92"]
[EventDate "2010.01.23"]
[EventType "team-swiss"]
[EventRounds "12"]
[EventCountry "ESP"]
[SourceTitle "EXT 2013"]
[Source "ChessBase"]
[SourceDate "2012.11.22"]
[SourceVersion "1"]
[SourceVersionDate "2012.11.22"]
[SourceQuality "1"]
[WhiteTeam "Caissa Hermanos Cortes"]
[BlackTeam "Calatayud"]
[WhiteTeamCountry "ESP"]
[BlackTeamCountry "ESP"]

1. e4 c5 2. Nf3 e6 3. c4 Nc6 4. Nc3 Nd4 5. d3 Ne7 6. Nxd4 cxd4 7. Ne2 Nc6 8. a3 a5 9. Qa4 Ra6 10. Bd2 Bc5 11. f4 d6 12. Ng3 Qh4 13. Be2 Bd7 14. 0-0 Ne5 15. Qd1 Nxc4 16. dxc4 d3+ 17. Kh1 dxe2 18. Qxe2 0-0 19. Bc3 d5 20. e5 dxc4 21. Ne4 Be7 22. Rf3 Bc6 23. Raf1 Qh5 24. h3 Qf5 25. Re3 Bd5 26. Kh2 Bxe4 27. Rxe4 h5 28. g4 hxg4 29. hxg4 Qh7+ 30. Kg2 Qg6 31. Re3 Rd8 32. Rh1 Rd3 33. Reh3 Rxh3 34. Rxh3 b5 35. Kf1 Qb1+ 36. Be1 Qg6 37. Qh2 f6 38. Rh8+ Kf7 39. Qg2 Qd3+ 40. Kg1 Qe3+ 41. Bf2 Qc1+ 42. Kh2 Qxf4+ 43. Kh3 Qxe5 44. Qb7 Rd6 45. Qa8 Rd3+ 46. Kg2 Qd5+ 0-1

[Event "Aragon-chT Preferente"]
[Site "Spain"]
[Date "2010.01.30"]
[Round "2.25"]
[White "Martinez Catalan, Francisco Javier"]
[Black "Donoso Sanchez, Alejandro"]
[Result "1/2-1/2"]
[WhiteElo "2272"]
[BlackElo "2111"]
[PlyCount "123"]
[EventDate "2010.01.23"]
[EventType "team-swiss"]
[EventRounds "12"]
[EventCountry "ESP"]
[SourceTitle "EXT 2013"]
[Source "ChessBase"]
[SourceDate "2012.11.22"]
[SourceVersion "1"]
[SourceVersionDate "2012.11.22"]
[SourceQuality "1"]
[WhiteTeam "La Aurora Estadilla"]
[BlackTeam "Calatayud"]
[WhiteTeamCountry "ESP"]
[BlackTeamCountry "ESP"]

1. e4 c5 2. Nc3 e6 3. Nf3 a6 4. g3 Nc6 5. d4 cxd4 6. Nxd4 Qc7 7. Bg2 Nf6 8. 0-0 Be7 9. Nce2 Nxd4 10. Nxd4 d6 11. b3 Rb8 12. Bb2 Bd7 13. c4 0-0 14. Rc1 Rfc8 15. Qe2 Qa5 16. Bc3 Qh5 17. Qxh5 Nxh5 18. Rfd1 Nf6 19. Bb4 Kf8 20. Ne2 Bc6 21. Nc3 Rd8 22. Rc2 Ne8 23. Rcd2 Rdc8 24. f4 b5 25. cxb5 Bxb5 26. Nxb5 Rxb5 27. Ba3 Ra5 28. Bb2 Rac5 29. Bf1 a5 30. Kg2 Rc2 31. Bc4 Rxd2+ 32. Rxd2 a4 33. Kf3 Bf6 34. Ba3 Be7 35. Rc2 d5 36. Bxe7+ Kxe7 37. exd5 axb3 38. Bxb3 Rxc2 39. Bxc2 exd5 40. Ke3 h6 41. Kd4 Kd6 42. a4 Nc7 43. Bf5 Na6 44. Bd3 Nc5 45. Bb5 Ne6+ 46. Kd3 Kc5 47. Be8 f6 48. a5 Nc7 49. Bd7 Na6 50. Bc8 Nb4+ 51. Kc3 d4+ 52. Kb3 Kb5 53. a6 Nxa6 54. Bxa6+ Kxa6 55. Kc4 Kb6 56. Kxd4 Kc6 57. Ke4 g6 58. h4 Kd6 59. g4 Ke6 60. Kd4 Kd6 61. Ke4 Ke6 62. Kd4 1/2-1/2

[Event "ESP-ch U18"]
[Site "Granada"]
[Date "2009.07.26"]
[Round "9"]
[White "Donoso Sanchez, Alejandro"]
[Black "Camacho Collados, Marcos"]
[Result "0-1"]
[WhiteElo "2086"]
[BlackElo "2267"]
[PlyCount "52"]
[EventDate "2009.07.20"]
[EventType "swiss"]
[EventRounds "9"]
[EventCountry "ESP"]
[SourceTitle "CBM 131 Extra"]
[Source "ChessBase"]
[SourceDate "2009.09.03"]
[SourceVersion "2"]
[SourceVersionDate "2009.09.16"]
[SourceQuality "1"]

1. e4 e5 2. Nf3 Nf6 3. Nxe5 d6 4. Nf3 Nxe4 5. Nc3 Nf6 6. d4 d5 7. Bd3 Be7 8. 0-0 0-0 9. Ne5 c5 10. Re1 cxd4 11. Nb5 Bc5 12. Bg5 Nbd7 13. Nxd7 Bxd7 14. Qf3 Rc8 15. Qf4 h6 16. Bxh6 Ne4 17. Bxg7 Kxg7 18. Bxe4 dxe4 19. Qg3+ Kh7 20. Rxe4 Rc6 21. Re5 f5 22. Rae1 Rg6 23. Qh3+ Rh6 24. Qd3 Qh4 25. h3 b6 26. Qe2 Rg8 0-1

[Event "ESP-ch U18"]
[Site "Granada"]
[Date "2009.07.20"]
[Round "2"]
[White "Salgado Lopez, Ivan"]
[Black "Donoso Sanchez, Alejandro"]
[Result "1-0"]
[WhiteElo "2558"]
[BlackElo "2086"]
[PlyCount "69"]
[EventDate "2009.07.20"]
[EventType "swiss"]
[EventRounds "9"]
[EventCountry "ESP"]
[SourceTitle "CBM 131 Extra"]
[Source "ChessBase"]
[SourceDate "2009.09.03"]
[SourceVersion "2"]
[SourceVersionDate "2009.09.16"]
[SourceQuality "1"]

1. d4 Nf6 2. Nf3 e6 3. c4 c5 4. d5 exd5 5. cxd5 d6 6. e4 g6 7. Bd3 Bg7 8. 0-0 0-0 9. Re1 Re8 10. h3 Nbd7 11. Nbd2 Nh5 12. Nc4 Ne5 13. Nfxe5 dxe5 14. Bf1 Nf4 15. Be3 b6 16. a4 g5 17. a5 Rb8 18. axb6 axb6 19. Qb3 g4 20. hxg4 Bxg4 21. Ra7 h5 22. Ra6 h4 23. Rxb6 Rxb6 24. Qxb6 Qg5 25. Kh2 h3 26. g3 Bf3 27. Qc7 Qg4 28. gxf4 Bh6 29. Bxh3 Bxf4+ 30. Bxf4 Qxf4+ 31. Kg1 Kh8 32. Re3 Bxe4 33. Nd6 Rg8+ 34. Kf1 Bxd5 35. Qxc5 1-0

[Event "ESP-ch U16"]
[Site "Padron"]
[Date "2008.07.21"]
[Round "3"]
[White "Donoso Sanchez, Alejandro"]
[Black "Pardo Simon, David"]
[Result "1/2-1/2"]
[WhiteElo "2023"]
[BlackElo "2183"]
[PlyCount "45"]
[EventDate "2008.07.20"]
[EventType "swiss"]
[EventRounds "9"]
[EventCountry "ESP"]
[SourceTitle "EXT 2010"]
[Source "ChessBase"]
[SourceDate "2010.11.25"]
[SourceVersion "1"]
[SourceVersionDate "2010.11.25"]
[SourceQuality "1"]

1. e4 e5 2. Nf3 Nc6 3. Bb5 a6 4. Ba4 Nf6 5. 0-0 Nxe4 6. d4 b5 7. d5 Ne7 8. Bb3 d6 9. Re1 Nc5 10. Be3 Nxb3 11. axb3 Ng6 12. Nc3 Bd7 13. Ra5 Bc8 14. b4 Bb7 15. Qe2 Qd7 16. Rea1 Rb8 17. Nd2 Be7 18. Nb3 0-0 19. R5a2 Rbe8 20. Na5 Bc8 21. Nc6 f5 22. Nb8 Qd8 23. Nc6 1/2-1/2

[Event "ESP-ch U16"]
[Site "Padron"]
[Date "2008.07.20"]
[Round "2"]
[White "Benarque Lopez, Francisco Jose"]
[Black "Donoso Sanchez, Alejandro"]
[Result "0-1"]
[WhiteElo "1889"]
[BlackElo "2023"]
[PlyCount "94"]
[EventDate "2008.07.20"]
[EventType "swiss"]
[EventRounds "9"]
[EventCountry "ESP"]
[SourceTitle "EXT 2010"]
[Source "ChessBase"]
[SourceDate "2010.11.25"]
[SourceVersion "1"]
[SourceVersionDate "2010.11.25"]
[SourceQuality "1"]

1. d4 c5 2. d5 Nf6 3. c4 e6 4. Nc3 exd5 5. cxd5 d6 6. e4 g6 7. f4 Bg7 8. Nf3 0-0 9. Be2 Re8 10. e5 dxe5 11. fxe5 Ng4 12. Bg5 f6 13. exf6 Bxf6 14. Bxf6 Qxf6 15. 0-0 Ne3 16. Qb3 Nxf1 17. Rxf1 Qb6 18. Qa4 Rf8 19. Qh4 Qf6 20. Ng5 Qd4+ 21. Qxd4 Rxf1+ 22. Kxf1 cxd4 23. Nb5 Na6 24. Nxd4 Nc5 25. b4 Na4 26. Kf2 Nb6 27. Bf3 a5 28. b5 Nc4 29. Ke2 Bd7 30. Ne4 Bf5 31. Nxf5 gxf5 32. Nc3 Kg7 33. Kd3 Rc8 34. Kd4 Kf6 35. Be2 Nd6 36. Bd3 Rg8 37. g3 Rg4+ 38. Kc5 Ke5 39. Kb6 Kd4 40. Be2 Kxc3 41. Bxg4 fxg4 42. Kc7 Nxb5+ 43. Kxb7 a4 44. Kb6 Nd6 45. Kc6 Nf7 46. Kd7 Kd4 47. Ke6 a3 0-1

[Event "ESP-ch U16"]
[Site "Padron"]
[Date "2008.??.??"]
[Round "7"]
[White "Donoso Sanchez, Alejandro"]
[Black "Iglesias Gascon, David"]
[Result "0-1"]
[WhiteElo "2023"]
[BlackElo "1904"]
[PlyCount "70"]
[EventDate "2008.07.20"]
[EventType "swiss"]
[EventRounds "9"]
[EventCountry "ESP"]
[SourceTitle "EXT 2010"]
[Source "ChessBase"]
[SourceDate "2010.11.25"]
[SourceVersion "1"]
[SourceVersionDate "2010.11.25"]
[SourceQuality "1"]

1. e4 e6 2. d4 d5 3. Nd2 c5 4. exd5 Qxd5 5. Ngf3 cxd4 6. Bc4 Qd6 7. 0-0 Nf6 8. Nb3 Nc6 9. Nbxd4 Nxd4 10. Nxd4 a6 11. a4 Qc7 12. Qe2 Be7 13. c3 Bd7 14. Nc2 0-0 15. Bd2 Bd6 16. h3 Rfe8 17. Bd3 e5 18. Ne3 e4 19. Bc2 Be6 20. Rfc1 Qc5 21. c4 Qe5 22. Nf1 Qc5 23. Bd1 Rac8 24. b4 Qf5 25. Rab1 Qg6 26. Kh1 Nd7 27. c5 Bb8 28. Bb3 Ne5 29. Bxe6 Rxe6 30. b5 Nd3 31. Rc4 Nxf2+ 32. Qxf2 e3 33. Bxe3 Qxb1 34. Rc1 Qb3 35. Bf4 Rf6 0-1

[Event "ESP-ch U16"]
[Site "Linares"]
[Date "2007.07.24"]
[Round "5"]
[White "Herrera Delgado, Alejandro"]
[Black "Donoso Sanchez, Alejandro"]
[Result "1-0"]
[WhiteElo "2150"]
[BlackElo "1983"]
[PlyCount "49"]
[EventDate "2007.07.22"]
[EventType "swiss"]
[EventRounds "9"]
[EventCountry "ESP"]
[SourceTitle "EXT 2008"]
[Source "ChessBase"]
[SourceDate "2007.11.25"]
[SourceVersion "1"]
[SourceVersionDate "2007.11.25"]
[SourceQuality "1"]

1. e4 c5 2. Nf3 e6 3. b3 d5 4. exd5 Qxd5 5. Bb2 Nf6 6. Nc3 Qd8 7. Bd3 Nc6 8. Qe2 a6 9. a3 Be7 10. 0-0 b5 11. Ne4 Bb7 12. a4 b4 13. Rfe1 h6 14. Rad1 Qc7 15. Nxf6+ gxf6 16. Be4 Rg8 17. d4 f5 18. Bxc6+ Bxc6 19. d5 Bd7 20. Ne5 Bc8 21. Qh5 Bd6 22. dxe6 Bxe5 23. exf7+ Qxf7 24. Rxe5+ Kf8 25. Rd8+ 1-0